000
00299nam a2200133Ia 4500
008
231129s1963||||xx |||||||||||||| ||spa||
040
_b
spa
082
_a
F843 B363n
100
_a
Bazin Herve
245
0
_a
En el nombre del hijo
260
_c
1963
264
_a
Joaquin Mortiz
942
_2
ddc
_c
BKS
999
_c
12866
_d
12866